| 000 | 00734nam a22002177a 4500 | ||
|---|---|---|---|
| 999 |
_c20091 _d20091 |
||
| 003 | AR-CdUCM | ||
| 008 | 190525b ||||| |||| 00| 0 spa d | ||
| 040 |
_aMUNICIPALIDAD PROVINCIAL DEL CUSCO _cBIBLIOTECA MUNICIPAL DEL CUSCO |
||
| 041 | _hger | ||
| 082 |
_a785.1 / _bS27 |
||
| 100 |
_aScherchen, Hermann. _942036 |
||
| 245 | _aEl arte de dirigir la orquesta / | ||
| 260 |
_aBarcelona : _bLabor, _c1933. |
||
| 300 |
_a306 páginas : _bNotas musicales _c 22 cm. |
||
| 505 | _aContenido: El arte de dirigir la orquesta -- Estudio de la orquesta -- Los instrumentos de viento... | ||
| 650 |
_aOrquesta _913868 |
||
| 650 |
_aMúsica _91443 |
||
| 700 |
_aGerhard, Roberto (traductor) _942037 |
||
| 942 |
_2ddc _cLIBROS |
||
| 945 | _aAndy | ||